Easy NBA Quiz - Statistics

General Stats
  • This quiz has been taken 45 times
  • The average score is 12 of 15
Answer Stats
question Answer % Correct
How many rings does Micheal Jordan have 6
95%
Who is the best small forward of all time Lebron james
95%
Who has the most points in NBA history Lebron james
95%
Who has the most rings in nba history Bill Russell
90%
What franchise has the most finals wins Celtics
90%
Who was the all time points leader before Lebron Kareem Abdul jabbar
90%
Who is the best shooting guard of all time Micheal jordan
90%
Who is the goat Michel jordan
85%
Who is the best center of all time Shaquille O'Neal
83%
Who is the best power forward of all time Tim duncan
83%
Who has the most assists in NBA history John Stockton
80%
who has the most steals in NBA history John stockton
80%
Who is the best Point guard of all time Magic johnson
80%
Who has the most blocks in NBA history Hakeem Olajuwon
75%
who has the most rebounds in NBa history Wilt chamberlin
20%
No matching quizzes found
Score Distribution
Percent of People with Each Score
Percentile by Number Answered
Your Score History
You have not taken this quiz